LDR 00869nam a2200217 i 4500 001 000000199213 003 CaOOAMICUS 005 20260330150608.0 008 110318s2010 it u000 u ita u 040 $aSeMil$bita 245 10$aPercorso tra pievi e cascine verso nord. 264 1$aMilano :$bComune di Milano,$c2010. 300 $a139 p. :$bill. ;$c21 cm. 650 4$aMilano - Cascine.$0(OLS)http://semarc/subject/6237 650 4$aMilano - Chiese, basiliche, santuari e parrocchie.$0(OLS)http://semarc/subject/44656 850 $aSeMil 852 $aSeMil$W1$xVenegono$y1$m3O I 96$j269372$B149766$CSeMilBibl$Z2$F166500 $81 961 $aOmaggio: Braccini Annamaria 996 $6245$aPercorso tra pievi e cascine verso nord$9(OLS)http://semarc/title/288046 996 $6264$aMilano :$bComune di Milano$9(OLS)http://semarc/publisher/39333